|
|
|
|
| LEADER |
01031nam a2200253 a 4500 |
| 001 |
1556317 |
| 008 |
091231s1991 ii 000 0 eng d |
| 010 |
|
|
|a \\\91902414
|
| 040 |
|
|
|a DLC
|c DLC
|d DLC
|d BD-DhAAL
|
| 082 |
0 |
0 |
|a 305.48/805487
|2 20
|
| 100 |
1 |
|
|a Aranha, Celine.
|
| 245 |
1 |
0 |
|a Beyond the fire line :
|b perceptions of eight tribal women /
|c Celine Aranha, Peter Fernando, Prabha Mahale.
|
| 260 |
|
|
|a New Delhi :
|b Indian Social Institute,
|c 1991.
|
| 300 |
|
|
|a viii, 94 p. ;
|c 22 cm.
|
| 500 |
|
|
|a On Jenu Kuruba women, a branch of Kurumba tribal people from Karnataka, India.
|
| 541 |
1 |
|
|e 00007521
|
| 650 |
|
0 |
|a Women, Kurumba (India)
|
| 651 |
|
0 |
|a Karnataka (India)
|x Social life and customs.
|
| 700 |
1 |
|
|a Fernando, Peter.
|
| 700 |
1 |
|
|a Mahale, Prabha.
|
| 710 |
2 |
|
|a Indian Social Institute.
|
| 852 |
4 |
|
|a Ayesha Abed Library
|j General shelf
|
| 999 |
|
|
|c 6574
|d 6574
|
| 952 |
|
|
|0 0
|1 0
|2 ddc
|4 0
|6 305_488054870000000_ARA_1991
|7 0
|9 6686
|a BRACUL
|b BRACUL
|c GEN
|d 2009-12-31
|g 21.00
|l 0
|o 305.48805487 ARA
|p 3010007521
|r 2009-12-31
|t 1
|w 2009-12-31
|y BK
|